<?xml version="1.0" encoding="UTF-8"?>
<record
    xmlns:xsi="http://www.w3.org/2001/XMLSchema-instance"
    xsi:schemaLocation="http://www.loc.gov/MARC21/slim http://www.loc.gov/standards/marcxml/schema/MARC21slim.xsd"
    xmlns="http://www.loc.gov/MARC21/slim">

  <leader>02423nam a22001577a 4500</leader>
  <datafield tag="082" ind1=" " ind2=" ">
    <subfield code="a">621</subfield>
  </datafield>
  <datafield tag="100" ind1=" " ind2=" ">
    <subfield code="a">Shah, Muhammad Usama Habib </subfield>
    <subfield code="9">130721</subfield>
  </datafield>
  <datafield tag="245" ind1=" " ind2=" ">
    <subfield code="a">Tribological analysis of Titanium Oxide (TiO&#x2082;) based BioLubricants at various operating conditions /</subfield>
    <subfield code="c">Muhammad Usama Habib Shah</subfield>
  </datafield>
  <datafield tag="264" ind1=" " ind2=" ">
    <subfield code="a">Islamabad : </subfield>
    <subfield code="b">SMME- NUST; </subfield>
    <subfield code="c">2025.</subfield>
  </datafield>
  <datafield tag="300" ind1=" " ind2=" ">
    <subfield code="a">80p.</subfield>
    <subfield code="b">Soft Copy</subfield>
    <subfield code="c">30cm</subfield>
  </datafield>
  <datafield tag="500" ind1=" " ind2=" ">
    <subfield code="a">Mechanical components operating under boundary lubrication experience high friction and wear
which lead to energy losses and faster equipment damage. Traditionally, mineral oil&#x2013;based
lubricants have been used to overcome these issues but their declining availability and
environmental impact have encouraged a shift toward renewable, eco-friendly bio-lubricants.
While bio-lubricants are sustainable and biodegradable, their performance often declines at high
temperatures and heavy loads due to lower thermal stability and inconsistent wear resistance.
Using nanoparticles in bio-lubricants helps improve their performance by forming a protective
film, lowering surface contact and maintaining stable friction behavior. Titanium dioxide (TiO&#x2082;)
was chosen in this study for its chemical stability, low toxicity and ability to form protective
tribofilms. Cottonseed Oil (CSO), Rattan Jot Oil (RJO), Waste Cooking Oil (WCO) and synthetic
Polyalphaolefin (PAO) were tested with and without 1 wt% TiO&#x2082; using a four-ball tribometer at
75&#xB0;C and 100&#xB0;C under 147N and 392N loads. The coefficient of friction (COF), wear scar diameter
(WSD) and surface roughness were measured. Worn surface analyses were conducted using an
Olympus DSX-1000 microscope. RJO+TiO&#x2082; showed the best performance, achieving a 65%
reduction in COF and 37.5% reduction in WSD at 100&#xB0;C&#x2013;147 N. CSO+TiO&#x2082; also performed
strongly, with a 62% reduction in WSD, while WCO+TiO&#x2082; gave the worst results, with 111%
higher WSD and 36% higher COF under 100&#xB0;C&#x2013;392 N due to nanoparticle agglomeration and
unstable lubrication films. These results show that TiO&#x2082; nanoparticles can significantly enhance
the friction and wear performance of bio-lubricants, with RJO+TiO&#x2082; emerging as the most reliable
choice for high-load boundary lubrication applications.</subfield>
  </datafield>
  <datafield tag="650" ind1=" " ind2=" ">
    <subfield code="a">MS Mechanical Engineering      </subfield>
  </datafield>
  <datafield tag="700" ind1=" " ind2=" ">
    <subfield code="a">Supervisor : Dr. Rehan Zahid</subfield>
    <subfield code="9">122313</subfield>
  </datafield>
  <datafield tag="856" ind1=" " ind2=" ">
    <subfield code="u">http://10.250.8.41:8080/xmlui/handle/123456789/55023</subfield>
  </datafield>
  <datafield tag="942" ind1=" " ind2=" ">
    <subfield code="2">ddc</subfield>
    <subfield code="c">THE</subfield>
  </datafield>
  <datafield tag="999" ind1=" " ind2=" ">
    <subfield code="c">614893</subfield>
    <subfield code="d">614893</subfield>
  </datafield>
  <datafield tag="952" ind1=" " ind2=" ">
    <subfield code="0">0</subfield>
    <subfield code="1">0</subfield>
    <subfield code="4">0</subfield>
    <subfield code="7">0</subfield>
    <subfield code="a">SMME</subfield>
    <subfield code="b">SMME</subfield>
    <subfield code="c">EB</subfield>
    <subfield code="d">2025-09-26</subfield>
    <subfield code="l">0</subfield>
    <subfield code="o">621</subfield>
    <subfield code="p">SMME-TH-1173</subfield>
    <subfield code="r">2025-09-26</subfield>
    <subfield code="w">2025-09-26</subfield>
    <subfield code="y">THE</subfield>
  </datafield>
</record>
